[Event "18th Prague Open-A 2019"]
[Site "Prague"]
[Date "2019.01.11"]
[Round "1"]
[White "Lin, Yi"]
[Black "Gokhale, Anupama"]
[Result "1-0"]
[WhiteElo "2359"]
[BlackElo "2009"]
[Annotator "TA"]
[PlyCount "83"]
[EventDate "2019.01.11"]
[EventType "swiss"]
[EventCountry "CZE"]
[SourceTitle "playchess.com"]
[Source "ChessBase"]
[SourceQuality "1"]

{[%evp 10,83,19,16,15,17,50,52,84,90,94,75,70,68,58,68,85,44,47,45,45,52,58,45,45,45,65,44,58,27,46,45,51,55,83,0,250,247,244,258,245,256,250,241,216,225,263,265,365,387,556,556,545,546,545,521,565,518,707,659,647,565,532,518,421,256,1383,1377,1519,1268,29959,29979,29977,29978,29964,6621]} 1. d4 Nf6 2. c4 e6 3. Nf3 Bb4+ 4. Bd2 c5 5. g3 Qb6 6. Bg2 {LiveBook: 33 Games} Bxd2+ {E11: Bogo-Indian} (6... Nc6 7. Nc3 Nxd4 8. Nxd4 cxd4 9. Nb5 Bc5 10. b4 Be7 11. a4 d5 12. c5 Qd8 13. Bf4 O-O 14. Qxd4 {1-0 (36) Pelletier,Y (2592)-Gharamian,T (2658) Cap d'Agde 2010}) 7. Qxd2 Ne4 8. dxc5 $146 ({Predecessor:} 8. Qc2 Qa5+ 9. Nbd2 Nxd2 10. Qxd2 {½-½ (10) Serarols Mabras,B (2184)-Panelo Munoz,M (2398) Lorca 2015}) 8... Qxc5 {White is slightly better.} 9. Qd4 {[%mdl 64] [#] Double Attack} f5 10. Qxc5 Nxc5 11. Nc3 Nc6 12. O-O Ke7 13. Rfd1 Rb8 14. Nd4 Nxd4 15. Rxd4 a5 16. Rad1 b6 17. e4 $36 {[%mdl 2048] Black is under pressure.} g6 18. e5 Rd8 19. Rd6 Bb7 20. b3 Bxg2 21. Kxg2 Rdc8 22. Na4 (22. h3 $16) 22... Nxa4 $2 (22... Rb7 $11 {and Black is okay.}) 23. Rxd7+ $18 ({Stronger than} 23. bxa4 Rb7 $11) 23... Ke8 24. bxa4 Rd8 25. Rxh7 Rxd1 {[%mdl 4096] Endgame} 26. Rh8+ Kd7 27. Rxb8 {KR-KR} Rc1 28. Rb7+ ({Don't take} 28. Rxb6 $6 Rxc4 29. f4 Rxa4 $16) 28... Kc6 29. Re7 Rxc4 (29... g5 {was called for.} 30. Rxe6+ Kc5) 30. Rxe6+ {[%mdl 64] [#] Double Attack} Kd5 31. Rxg6 Rxa4 32. Rxb6 Rxa2 33. e6 Re2 {If only Black now had time for ...Kc5....} 34. Ra6 a4 35. Rxa4 Kxe6 36. h4 {[%cal Bh2h4,Bh4h5,Bh5h6,Bh6h7][%mdl 32]} Rb2 37. Ra6+ Ke5 $2 (37... Kf7 38. h5 Kg7 39. Rg6+ Kf7) 38. h5 Rc2 39. h6 Rb2 40. h7 {White mates.} Rb8 41. Rh6 Rh8 42. Kf3 {Accuracy: White = 71%, Black = 55%.} 1-0

[Event "18th Prague Open-A 2019"]
[Site "Prague"]
[Date "2019.01.11"]
[Round "1"]
[White "Kalinowska, Zuzanna"]
[Black "Postny, Evgeny"]
[Result "0-1"]
[WhiteElo "2080"]
[BlackElo "2623"]
[Annotator "TA"]
[PlyCount "48"]
[EventDate "2019.01.11"]
[EventType "swiss"]
[EventCountry "CZE"]
[SourceTitle "playchess.com"]
[Source "ChessBase"]
[SourceQuality "1"]

{[%evp 19,48,22,34,0,22,0,0,-6,-12,-14,-10,-20,-11,-30,0,0,0,0,0,-9,-14,-36,-22,-60,-62,-82,-83,-419,-393,-409,-413]} 1. d4 d5 2. c4 dxc4 3. e3 Nf6 4. Bxc4 e6 5. Nf3 a6 6. O-O b5 7. Be2 Bb7 {D26: Queen's Gambit Accepted: 4 e3 e6 5 Bxc5 c5 sidelines} 8. a4 (8. b3 Nbd7 9. Bb2 c5 10. a4 b4 11. Nbd2 Be7 12. Rc1 Rc8 13. Nc4 O-O 14. Nfe5 cxd4 15. Qxd4 Nc5 16. Qxd8 Rfxd8 17. Na5 Bd5 18. Nec4 Nfd7 19. Nd2 Bf6 {½-½ (32) Rodshtein,M (2678)-Adhiban,B (2671) Linares 2018}) 8... b4 9. Nbd2 c5 10. Nc4 Nc6 {LiveBook: 4 Games} 11. Re1 cxd4 $146 ({Predecessor:} 11... a5 12. b3 cxd4 13. exd4 Be7 14. Bb2 O-O 15. Nfe5 Rc8 {0-1 (28) Berberich,C (2045)-Philipowski,R Bonn 1998}) 12. exd4 Be7 13. h3 O-O 14. Bf4 Na5 15. Nfe5 Nxc4 16. Bxc4 Rc8 17. Qd3 a5 18. Rad1 Nd5 19. Bh2 Nb6 20. Bb3 Bd5 21. Bc2 {[%csl Gc2][%cal Rd3h7]} g6 $36 {[%mdl 2048] Black fights for an advantage.} 22. Bf4 Bg5 23. Bc1 $2 {[%mdl 8192] [#]} (23. Bg3 $17 {is a better chance.}) 23... Bxc1 $1 $19 24. Rxc1 {[#]} b3 $1 {[%mdl 512] Accuracy: White = 28%, Black = 79%.} 0-1

[Event "18th Prague Open-A 2019"]
[Site "Prague"]
[Date "2019.01.11"]
[Round "1"]
[White "Ng, Jen Sheng"]
[Black "Wang, Yiye"]
[Result "1-0"]
[WhiteElo "2075"]
[BlackElo "2443"]
[Annotator "TA"]
[PlyCount "61"]
[EventDate "2019.01.11"]
[EventType "swiss"]
[EventCountry "CZE"]
[SourceTitle "playchess.com"]
[Source "ChessBase"]
[SourceQuality "1"]

{[%evp 21,61,39,77,33,108,97,101,3,41,41,41,16,37,32,288,277,282,277,283,278,284,293,258,185,260,167,217,126,274,265,690,686,685,683,981,960,822,369,29986,29987,29992,29993]} 1. e4 g6 2. d4 Bg7 3. Nc3 d6 4. f4 a6 5. Nf3 b5 6. Bd3 Bb7 7. a4 {B06: Modern Defence} b4 8. Ne2 Nd7 9. O-O c5 10. c3 cxd4 (10... Ngf6 11. e5 Nd5 12. Bd2 bxc3 13. bxc3 cxd4 14. cxd4 O-O {0-1 (49) Anand,V (2759)-Nakamura,H (2769) Leuven 2018}) 11. cxd4 Ngf6 {LiveBook: 4 Games} 12. Ng3 a5 (12... O-O $14) 13. e5 $16 Nd5 {[#]} 14. e6 $146 ({Better is} 14. Ng5 $1 $16) ({Predecessor:} 14. Qe1 dxe5 15. fxe5 e6 {0-1 (33) Kosmo,S (2221)-Ristoja,J (2255) Finland 2015}) 14... fxe6 $11 15. Ng5 $1 {[%cal Rg5e6]} Nc7 $1 {[#]} 16. Nxh7 $1 {[%cal Rd3g6][%mdl 512]} Bxd4+ (16... Rxh7 17. Bxg6+) 17. Kh1 {[%cal Rd3g6]} Nf8 $2 {[%mdl 8192]} (17... Nf6 $14) 18. Nxf8 $18 Kxf8 {[#]} 19. Be4 $1 {[%mdl 64] Discovered Attack} Bxe4 20. Qxd4 {[%mdl 64] Double Attack} Bxg2+ 21. Kxg2 Rh4 22. b3 Nd5 (22... Ke8 $142 23. Bb2 Kd7) 23. Bb2 {And now Rae1 would win.} Rc8 {Black wants to play ...Rc2+.} 24. Rf2 (24. Rae1 $18 Rc2+ 25. Re2 Rxe2+ 26. Nxe2) 24... Nf6 (24... Ke8 $16 {is a better defense.}) 25. Ne4 Ng4 $2 (25... Nxe4 26. Qxe4 {[%mdl 64] Double Attack} Qb6) 26. Ng5 Ke8 27. Kg3 Nxf2 28. Kxh4 Rc2 29. Rc1 (29. Nxe6 $142 {White threatens Qh8+ and mate.} Qc8 30. Re1) 29... Re2 $2 (29... Qc8 $18 30. Qg7 Rxc1) 30. Qc4 Rxb2 31. Qb5+ {Accuracy: White = 55%, Black = 18%.} 1-0

[Event "18th Prague Open-A 2019"]
[Site "Prague"]
[Date "2019.01.11"]
[Round "1"]
[White "Patil, Mitali Madhukar"]
[Black "Frolov, Artur"]
[Result "0-1"]
[WhiteElo "2062"]
[BlackElo "2430"]
[Annotator "TA"]
[PlyCount "124"]
[EventDate "2019.01.11"]
[EventType "swiss"]
[EventCountry "CZE"]
[SourceTitle "playchess.com"]
[Source "ChessBase"]
[SourceQuality "1"]

{[%evp 21,124,20,50,46,41,0,0,0,0,0,0,0,0,-45,-35,-53,-9,-12,-6,-7,0,0,0,0,-6,-7,-9,-26,-24,-26,-27,-26,-27,-29,0,-8,0,0,0,0,0,0,0,0,0,0,0,0,0,0,0,0,0,0,0,-71,-71,-71,-67,-67,-67,-731,-715,-747,-1189,-734,-559,-1259,-629,-1119,-739,-1294,-1508,-1508,-1448,-1379,-1379,-1331,-1193,-1180,-1216,-1216,-759,-754,-739,-29968,-29968,-29966,-29965,-29969,-29965,-5081,0,-29972,-29973,-29972,-29974,-29985,-29986,-29986,-29987,-29987,-29988,-29988,-29989]} 1. e4 c5 2. c3 d5 3. exd5 Qxd5 4. d4 Nc6 5. Nf3 Nf6 6. Be2 cxd4 7. cxd4 e6 8. O-O Be7 9. Nc3 Qd8 10. a3 O-O 11. Be3 b6 {LiveBook: 3 Games. B22: Sicilian: 2 c3} (11... Nd5 12. Bd3 Nxc3 13. bxc3 b6 14. Qc2 g6 15. h4 Bf6 16. h5 Bb7 17. hxg6 hxg6 18. Bxg6 fxg6 19. Qxg6+ {0-1 (39) Hovhannisyan,M (2495)-Saraci,N (2215) Reykjavik 2015}) 12. Ne5 Bb7 13. Qa4 $146 ({Predecessor:} 13. Bf3 Rc8 14. Qa4 Nd5 15. Nxd5 exd5 16. Rac1 Nxe5 17. dxe5 Rxc1 18. Rxc1 a6 19. Rd1 {1-0 (35) Vu,P (2051)-Tu,H (2244) Ho Chi Minh City 2015}) 13... Nxe5 {The position is equal.} 14. dxe5 Nd5 15. Nxd5 Bxd5 16. Rfd1 Qb8 17. Qd7 Bc5 {Strongly threatening ...Bxe3.} 18. Bf4 Rd8 19. Qa4 a6 20. Rac1 Qb7 21. Bg5 Rdc8 22. Qg4 Bf8 23. Be3 b5 24. Bd3 g6 25. h4 Bg7 26. Bd4 h5 27. Qg5 Be4 28. Bc3 Bxd3 29. Rxd3 Rc4 30. g3 a5 31. Rcd1 b4 32. Rd7 Qf3 33. R1d3 Qf5 34. Rd8+ Rxd8 35. Rxd8+ Kh7 36. Qxf5 gxf5 37. axb4 axb4 {[%cal Ba5b4,Bb4b3][%mdl 32]} 38. Rd4 (38. Bd4 $1 $11 {remains equal.}) 38... Rxd4 $1 $17 ({Much weaker is} 38... bxc3 39. Rxc4 cxb2 40. Rb4 $11) 39. Bxd4 {[%mdl 4096] Endgame [#] KB-KB} f4 $1 40. gxf4 Kg6 41. Kg2 $2 {[%mdl 8192] [#]} (41. b3 $15) 41... b3 $1 $19 42. f3 Kf5 43. Kg3 Bf8 44. Be3 Ba3 45. Bc1 Bb4 46. Kf2 Be7 47. Kg3 f6 48. exf6 Bxf6 49. Kh3 Bg7 50. Kg2 Bh6 51. Kg3 e5 52. Bd2 exf4+ 53. Kg2 Bg7 54. Bc1 Bd4 55. Kh2 Bf2 56. Bd2 Bd4 (56... Bxh4 $19 57. Bb4 Bf6) 57. Bc1 Be3 {Black mates.} 58. Bxe3 fxe3 {[%cal Bf4e3,Be3e2][%mdl 32]} 59. Kg3 Ke5 60. f4+ Ke4 61. f5 Kd3 62. f6 e2 {Accuracy: White = 60%, Black = 73%.} 0-1

[Event "18th Prague Open-A 2019"]
[Site "Prague"]
[Date "2019.01.11"]
[Round "1"]
[White "Mastroddi, Emiliano"]
[Black "Plischki, Sebastian"]
[Result "0-1"]
[WhiteElo "2058"]
[BlackElo "2426"]
[Annotator "TA"]
[PlyCount "72"]
[EventDate "2019.01.11"]
[EventType "swiss"]
[EventCountry "CZE"]
[SourceTitle "playchess.com"]
[Source "ChessBase"]
[SourceQuality "1"]

{[%evp 19,72,-22,-22,-36,-54,-36,-45,-212,-219,-206,-226,-208,-200,-254,-153,-218,-214,-212,-199,-217,-196,-248,-248,-328,-285,-354,-233,-224,-236,-236,-229,-254,-226,-240,-221,-256,-262,-260,-229,-409,-406,-387,-391,-437,-455,-626,-617,-568,-575,-616,-616,-706,-686,-777,-777]} 1. e4 {[%cal Be2e4,Be4e5][%mdl 32]} c5 2. c3 Nf6 3. e5 Nd5 4. d4 cxd4 5. cxd4 d6 6. Nf3 Nc6 7. Bc4 dxe5 8. Nxe5 e6 9. O-O Be7 {B22: Sicilian: 2 c3} 10. Nc3 (10. Nf3 O-O 11. Nc3 Nxc3 12. bxc3 b6 13. Re1 Bb7 14. Bd3 Rc8 15. Bd2 Bf6 16. h4 Na5 17. Ng5 Bxg5 18. hxg5 Nc4 19. Bf4 {½-½ (83) Pourramezanali,A (2535)-Kokarev,D (2608) St Petersburg 2018}) 10... Nxc3 {LiveBook: 6 Games} 11. Nxc6 Nxd1 {Black is slightly better.} 12. Nxd8 Nxb2 $1 13. Nxe6 $146 {[#]} (13. Bxb2 $15 Bxd8 14. Rad1) ({Predecessor:} 13. Bxb2 Bxd8 14. d5 O-O 15. Ba3 Bf6 16. Bxf8 Bxa1 17. Ba3 {0-1 (55) Goodwin,B (2005)-Bolignano,G (2272) ICCF email 2012}) 13... Nxc4 $19 14. Nc7+ Kd7 15. Nxa8 Bd6 16. Bg5 {and if Rfc1 works, White does fine.} b6 17. Rfe1 (17. Nxb6+ $17 Nxb6 18. Rfc1) 17... Ba6 18. Nxb6+ axb6 ({Don't take} 18... Nxb6 19. Bd2) 19. Rab1 Ra8 20. Rec1 (20. Bh4 {was called for.}) 20... b5 {[%cal Bb6b5,Bb5b4][%mdl 32]} 21. h3 b4 22. Bh4 {Now Bg3 and White clings on.} Bb5 23. Bg3 Bf8 ({Less strong is} 23... Rxa2 24. Bxd6 Nxd6 25. Rxb4 $15) 24. Rc2 Kc6 25. d5+ Kxd5 26. Rd1+ Kc6 27. Rdc1 Bc5 28. Bf4 Kb6 29. Be3 $2 {[#]} (29. g4) 29... Bxe3 ({Much less strong is} 29... Nxe3 30. Rxc5 Nd1 31. Rc8 $19) 30. fxe3 Nxe3 31. Rb2 Nd5 {Black is clearly winning.} 32. Rd1 Bc4 33. Rdd2 Kc5 34. Rf2 f6 35. g4 Ra3 36. Kh2 g5 {Accuracy: White = 11%, Black = 98%.} 0-1

[Event "18th Prague Open-A 2019"]
[Site "Prague"]
[Date "2019.01.11"]
[Round "1"]
[White "Polansky, Adam Lubos"]
[Black "Lalic, Bogdan"]
[Result "1/2-1/2"]
[WhiteElo "2046"]
[BlackElo "2418"]
[Annotator "TA"]
[PlyCount "60"]
[EventDate "2019.01.11"]
[EventType "swiss"]
[EventCountry "CZE"]
[SourceTitle "playchess.com"]
[Source "ChessBase"]
[SourceQuality "1"]

{[%evp 20,60,20,19,22,8,17,20,21,14,22,19,19,9,14,0,9,7,13,18,21,4,16,14,25,26,27,0,37,0,26,36,92,16,25,0,51,47,21,25,37,58,101]} 1. d4 Nf6 2. c4 g6 3. g3 c5 4. Nf3 Bg7 5. Bg2 Qa5+ 6. Nc3 Ne4 7. Bd2 Nxd2 {E60: King's Indian: Unusual lines and Fianchetto Variation without Nc3} 8. Qxd2 cxd4 9. Nxd4 Nc6 10. e3 O-O 11. O-O {LiveBook: 11 Games} Rb8 12. Rfd1 Nxd4 13. exd4 d6 {[#]} 14. Nd5 $146 {[%cal Bc3d5,Bd5e3,Be3c2][%mdl 32]} ({Predecessor:} 14. Qe3 Bg4 15. Rd2 {1-0 (63) Kovalenko,I (2650)-Djuric,S (2397) Bastia 2014}) 14... Qd8 15. Rac1 e6 16. Ne3 b6 17. Nc2 a5 18. b4 {[%cal Bb2b4,Bb4b5][%mdl 32]} Ba6 19. b5 Bb7 20. a4 Bxg2 21. Kxg2 Rc8 22. Ne3 Qe7 23. Rc2 Qb7+ 24. Kg1 Rfd8 25. Qe2 Bh6 {[#]} (25... Bf8 $14) 26. f4 ({Better is} 26. c5 $1 $16) 26... Bg7 27. Kf2 f5 (27... Qe7 $11) 28. c5 $14 dxc5 29. dxc5 bxc5 {[#]} 30. Rxc5 $1 {[%mdl 512] Threatens to win with Qc4.} Bf8 {Accuracy: White = 52%, Black = 45%.} (30... Rxc5 31. Rxd8+) 1/2-1/2

[Event "18th Prague Open-A 2019"]
[Site "Prague"]
[Date "2019.01.11"]
[Round "1"]
[White "Tesar, Jan"]
[Black "Spiess, Gunter"]
[Result "0-1"]
[WhiteElo "2043"]
[BlackElo "2414"]
[Annotator "TA"]
[PlyCount "64"]
[EventDate "2019.01.11"]
[EventType "swiss"]
[EventCountry "CZE"]
[SourceTitle "playchess.com"]
[Source "ChessBase"]
[SourceQuality "1"]

{[%evp 15,64,8,25,6,0,2,18,14,2,-25,0,14,7,-42,0,-16,-8,-16,-35,-39,-25,-40,0,0,0,0,0,0,21,0,0,-512,-529,-659,-430,-618,-436,-414,-419,-417,-416,-565,-534,-550,-525,-782,-750,-29991,-29992,-29992,-29993]} 1. c4 e6 2. e4 d5 3. exd5 exd5 4. d4 Nf6 5. Nf3 Bb4+ 6. Nc3 O-O 7. Be2 h6 8. O-O Nc6 9. h3 {C01: French: Exchange Variation} Be6 $146 ({Predecessor:} 9... Re8 10. Be3 Ne7 11. Qb3 Ba5 12. Nxd5 Nexd5 13. cxd5 Nxd5 14. Bc4 c6 15. Bd2 Bb6 16. Bb4 Be6 {0-1 (30) Jezov,R (2229)-Kantans,T (2449) Vilnius 2014}) 10. c5 {Nb1 is the strong threat.} Bxc3 11. bxc3 {The position is equal.} Ne4 12. Qb3 Na5 13. Qa3 b6 14. Nd2 Qd7 15. Nxe4 dxe4 16. Bf4 g5 17. Bh2 f5 18. f3 Nc4 19. Qa6 $1 Ne3 $36 {[%mdl 2048] Black is pushing.} 20. Rf2 Nd5 21. fxe4 fxe4 {Hoping for ...Rxf2.} 22. Rxf8+ Rxf8 23. Qxa7 $2 {[%mdl 8192]} (23. Be5 $11 {and White is okay.}) 23... Nxc3 $19 {[%mdl 64] [#] Discovered Attack} 24. Ba6 Qxd4+ {[%mdl 64] Double Attack} 25. Kh1 Nb5 26. Bxb5 {And now Rb1 would win.} Qxa1+ {[%mdl 64] Double Attack} 27. Bg1 Qe5 28. a4 e3 29. cxb6 cxb6 30. Be2 Bd5 {( -> ...Qg3)} 31. Qxb6 Qe4 {[%csl Gd5][%cal Re4g2][%mdl 64] [#] Double Attack} 32. Bf3 Rxf3 {Accuracy: White = 27%, Black = 66%.} 0-1

[Event "18th Prague Open-A 2019"]
[Site "Prague"]
[Date "2019.01.11"]
[Round "1"]
[White "Machala, Vladislav"]
[Black "Roeder, Matthias"]
[Result "0-1"]
[WhiteElo "2034"]
[BlackElo "2396"]
[Annotator "TA"]
[PlyCount "90"]
[EventDate "2019.01.11"]
[EventType "swiss"]
[EventCountry "CZE"]
[SourceTitle "playchess.com"]
[Source "ChessBase"]
[SourceQuality "1"]

{[%evp 15,90,6,33,18,28,20,48,45,49,33,28,31,37,12,21,18,3,7,29,18,53,57,22,31,40,-27,-13,-33,-21,-38,-67,-45,-33,-33,-34,-36,-52,-65,-16,-40,0,0,0,0,0,0,77,0,0,-45,-46,-52,-35,-136,-114,-163,-147,-179,-146,-325,0,-337,-327,-369,-189,-191,-190,-156,-186,-213,-230,-202,-147,-29980,-29981,-29996,-29997]} 1. Nf3 d5 2. c4 c6 3. e3 Nf6 4. d4 Bg4 5. Nbd2 e6 6. Bd3 Nbd7 {D11: Slav Defence: 3 Nf3 sidelines and 3...Nf6 4 e3 Bg4} 7. Qc2 (7. O-O Bd6 8. b3 O-O 9. Bb2 a5 10. Qc2 Qb8 11. h3 Bh5 12. Ng5 Bg6 13. Bxg6 hxg6 14. a4 Bb4 15. Ndf3 Nh7 16. Nxh7 Kxh7 17. e4 {1-0 (54) Andreikin,D (2712)-Korobov,A (2652) Huaian 2017}) 7... Bh5 8. h3 Bg6 {LiveBook: 3 Games. The position is equal.} 9. b3 Bb4 10. O-O O-O 11. Bxg6 hxg6 12. a3 $146 Bxd2 13. Nxd2 a5 {[%cal Ba7a5,Ba5a4][%mdl 32]} 14. Bb2 a4 15. b4 b5 16. c5 g5 17. e4 Nxe4 18. Nxe4 dxe4 19. Qxe4 Rc8 20. f4 (20. Qg4 $14) 20... Nf6 $11 21. Qe5 g4 22. f5 Re8 23. hxg4 Nxg4 24. Qg3 $1 {[%cal Rg3g4]} Qg5 25. Bc1 Qh5 26. f6 $1 Qg6 (26... gxf6 {keeps more tension.} 27. Rxf6 Kh7 28. Rf4 Rg8 29. Rf3 Rh8) 27. fxg7 Qxg7 28. Bb2 f5 29. Rae1 Qg6 30. Rf3 Kf7 (30... Red8 $11 {remains equal.}) 31. Qf4 (31. d5 $1 $16 {[%cal Rd5e6]} cxd5 32. Qd6) 31... Red8 32. Rg3 Rd5 33. Rh3 ({Of course not} 33. Rxg4 Qxg4 34. Qh2 f4 $17) 33... Ke7 34. Qf3 (34. Bc3 $15) 34... Rg8 $17 35. Re2 Kd7 36. Qg3 Kc8 37. Qe1 $2 {[#]} (37. Bc3 $17 {was necessary.}) 37... Kd7 $2 (37... e5 $1 $19 {[%mdl 512] Hoping for ...f4.} 38. Qc1 (38. dxe5 $2 Rgd8 $19) 38... f4) 38. Qc3 $2 {[%mdl 8192] [#]} (38. Rxe6 $11 Qg7 39. Re2) 38... e5 $1 $19 {[%mdl 512]} 39. dxe5 Ke6 (39... f4 $142 40. Rd2 (40. e6+ Kc8 $17) 40... Ne3 41. Rxe3 fxe3 42. Qxe3 Qb1+ 43. Kf2 Rxd2+ 44. Qxd2+ Kc8) 40. Rd2 Rgd8 41. Rxd5 Rxd5 42. Qc2 Qg5 $40 {[%mdl 1152] Black has strong compensation. Black is out for blood.} 43. Bc1 {[#]} Qd8 $1 {( -> ...Rd1+)} 44. Rf3 $2 {[%mdl 8192]} (44. Qa2 $17) 44... Rd1+ 45. Rf1 Qd4+ {[%mdl 64] Double Attack. Accuracy: White = 31%, Black = 54%.} 0-1

[Event "18th Prague Open-A 2019"]
[Site "Prague"]
[Date "2019.01.11"]
[Round "1"]
[White "Dwilewicz, Katarzyna"]
[Black "Zhang, Ziji"]
[Result "0-1"]
[WhiteElo "2027"]
[BlackElo "2387"]
[Annotator "TA"]
[PlyCount "116"]
[EventDate "2019.01.11"]
[EventType "swiss"]
[EventCountry "CZE"]
[SourceTitle "playchess.com"]
[Source "ChessBase"]
[SourceQuality "1"]

{[%evp 13,116,7,0,-7,3,0,13,0,0,-15,-16,-75,-71,-90,-43,-45,-55,-118,-116,-121,-121,-126,-109,-128,-77,-87,-82,-72,-12,-3,-7,-20,0,-10,0,-54,-49,-62,-32,-35,-39,-124,-133,-132,-127,-168,-136,-329,-313,-388,-392,-504,-137,-113,-81,-97,-100,-95,-89,-154,-152,-159,-168,-170,-162,-182,-176,-328,-129,-182,-91,-85,-91,-79,-93,-95,-88,-87,-79,-110,-110,-100,-97,-240,-240,-258,-240,-240,-238,-295,-268,-254,-223,-197,-185,-504,-504,-457,-366,-1677,-1677,-1371,-1547,-1037,-935]} 1. e4 c5 2. Nf3 Nc6 3. Bb5 Nf6 4. Nc3 g6 5. O-O Bg7 6. d3 O-O {B31: Sicilian: 2...Nc6 3 Bb5 g6} 7. h3 (7. Bxc6 bxc6 8. Rb1 d6 9. b3 Nh5 10. Ne2 e5 11. Nd2 Qh4 12. Nc4 d5 13. Nd2 f5 14. Ba3 dxe4 15. dxe4 Rd8 {0-1 (23) Wang,C (2514)-Wei,Y (2700) China 2016}) 7... d6 {LiveBook: 8 Games} 8. Be3 Na5 {The position is equal.} 9. d4 cxd4 10. Nxd4 $146 ({Predecessor:} 10. Bxd4 a6 11. Be2 Nc6 12. Be3 b5 13. Qd3 Bb7 14. a4 {½-½ (78) Castilho,M (2166)-De Pinho,J (2346) ICCF email 2009}) 10... a6 11. Be2 b5 {[%cal Bb7b5,Bb5b4][%mdl 32]} 12. Bf3 (12. Nb3 $11 {keeps the balance.}) 12... Bb7 $17 13. a4 b4 14. Nd5 Nc4 15. Bc1 (15. Qe2 $15 Nxe3 16. Qxe3) 15... Ne5 16. Nxb4 Nxf3+ ({Much weaker is} 16... Bxe4 $6 17. Bxe4 Nxe4 18. Re1 $11) (16... Nxe4 17. Ndc6 $11) 17. Qxf3 Bxe4 18. Qe2 Qb6 (18... Qc7 $142 19. c3 e5) 19. c3 e5 20. a5 Qc7 (20... Qb7 $17 21. Nf3 h6) 21. Nf3 $11 Bb7 22. Rd1 h6 23. Be3 Rfe8 24. Nd2 (24. Qd2 $11) 24... d5 $15 25. Bb6 Qc8 26. Nb3 Bf8 27. Rd2 {[#]} (27. Qf1 $15) 27... d4 $1 $17 {[%cal Rd4c3][%mdl 512]} 28. Rc1 (28. cxd4 Bxb4) 28... Qf5 29. Rdd1 Nh5 30. f3 $2 (30. Nd3 $17) 30... Nf4 $19 31. Qf1 Qg5 32. Kh2 Bxb4 $2 (32... Nh5 $2 33. Bc5 $19) (32... e4 $19 {and Black stays clearly on top.} 33. fxe4 Rxe4 34. Nxd4 Bd6) 33. cxb4 $17 Nd5 {And now ...Ne3 would win.} 34. Qf2 Nxb6 35. axb6 Qf6 36. Qd2 (36. Nc5 $142 Qxb6 37. f4) 36... Qxb6 37. Nc5 Kg7 38. f4 Rad8 39. fxe5 Rxe5 40. Rc4 $2 {[#]} (40. Rf1) 40... Red5 $2 (40... Bxg2 $1 $19 {[%mdl 512]} 41. Rxd4 (41. Qxg2 Qd6 $19) 41... Bd5) 41. Qf4 {[#]} (41. Rf1 $17 {is a better defense.}) 41... d3 ({Black should try} 41... Ba8 $1 $19 {Threatens to win with ...Rf5.} 42. Rc2 (42. Rf1 $2 Rf5 $19) 42... Rf5) 42. Nxb7 Qxb7 43. Rc7 {Qxf7+ would kill now.} Rf5 44. Qxh6+ Kxh6 45. Rxb7 {[%mdl 4096] Endgame KRR-KRR} Rf2 46. Kg3 Rxb2 47. Rxf7 Rxb4 48. Kf3 (48. Ra7 $17 {keeps fighting.}) 48... d2 $19 49. Ke3 Rb6 50. Re7 Rbd6 51. h4 Kh5 52. Re4 Rd3+ 53. Ke2 R3d4 54. Re6 $2 (54. Rxd4 Rxd4 55. Ke3 Rxh4 56. Rxd2) 54... R8d6 55. Re5+ Kxh4 56. Ke3 $2 (56. Kf3 Rd3+ 57. Kf2) 56... R4d5 {Black is clearly winning.} 57. Re4+ Kg3 58. Ke2 g5 {Accuracy: White = 33%, Black = 65%.} 0-1